000 00949nam a2200265Ia 4500
003 OSt
005 20221005113305.0
006 a|||||r|||| 00| 0
007 ta
008 221004b |||||||| |||| 00| 0 pan d
020 _a9788130204642 (hbk)
_cINR 310.00
024 _a65533
037 _bSP/5335, 28/01/2020, Star Publications Pvt. Ltd.
_cTextual
040 _aCRL
_cCRL
_bpan
041 _2pan
_apan
082 _aO153,1N32:g, Q9
100 _aਸਿੰਘ, ਹਿੰਮਤ, ਂਚ.
245 0 _aਡਾ, ਅਤਰ ਸਿੰਘ
260 _aਪਟਿਆਲਾ
_bਪੰਜਾਬੀ ਯੂਨੀਵਰਸਿਟੀ ਭਾਰਤ
_c2019
300 _a150ਪ
_ccm.
650 _a ਪੰਜਾਬੀ ਸਾਹਿਤ
650 _aਸ਼ਚਅਹ਼ਲਜ
942 _hO153,1N32:g, Q9
_cTEXL
_2cc
999 _c1027679
_d1027679